Los griegos /

Guardado en:
Autor Principal: Kitto, H. D. F.
Formato: Libro
Publicado: Argentina : Eudeba, 1979
Edición:11a. ed.
Materias:
Etiquetas: Agregar Etiqueta
Sin Etiquetas, Sea el primero en etiquetar este registro!
LEADER 00805nam a22002415a 4500
001 CEM.cems003595
005 19000101000000.0
008 130507s1979##################000#0#####d
003 CEMS
082 0 4 |a 938 
100 1 |a Kitto, H. D. F. 
245 1 0 |a Los griegos / 
250 |a 11a. ed. 
260 |a Argentina :  |b Eudeba,  |c 1979 
300 |a 357 p. 
653 |a Historia 
653 |a Historia antigua y medieval 
653 |a Historia de grecia 
859 |a CEMS  |b BIB. CEMS - 11 de abril  |h 938  |i K656a11  |p 15682.90  |t Ej.5 
859 |a CEMS  |b BIB. CEMS - 11 de abril  |h 938  |i K656a11  |p 7732.80  |t Ej.1 
859 |a CEMS  |b BIB. CEMS - 11 de abril  |h 938  |i K656a11  |p 7893.80  |t Ej.3 
859 |a CEMS  |b BIB. CEMS - 11 de abril  |h 938  |i K656a11  |p 7896.80  |t Ej.2 
859 |a CEMS  |b BIB. CEMS - 11 de abril  |h 938  |i K656a11  |p 9636.81  |t Ej.4